000
00210nam a22000857a 4500
008
170619b xxu||||| |||| 00| 0 eng d
100
_9
3511
_a
Scholastic. J
245
_a
Rascal Sterling North
260
_a
U. S. A
_c
1990
999
_c
6895
_d
6895